[Event "Polanica Zdroj op-A 46th"]
[Site "Polanica Zdroj"]
[Date "2010.08.28"]
[Round "10"]
[White "Rychlik, Piotr"]
[Black "Kacprzak, Robert"]
[Result "1/2-1/2"]
[WhiteElo "2114"]
[BlackElo "1923"]
[PlyCount "36"]
[EventDate "2010.08.19"]
[EventType "swiss"]
[EventRounds "10"]
[EventCountry "POL"]
[SourceTitle "CBM 138 Extra"]
[Source "ChessBase"]
[SourceDate "2010.10.29"]
[SourceVersion "1"]
[SourceVersionDate "2010.10.29"]
[SourceQuality "1"]

1. f4 d5 2. Nf3 Nf6 3. g3 Bf5 4. Bg2 c5 5. 0-0 Nc6 6. d3 e6 7. h3 h6 8. c3 Be7 9. Qa4 Qa5 10. Qxa5 Nxa5 11. Ne5 Nc6 12. Nxc6 bxc6 13. Nd2 0-0 14. e4 Bh7 15. a4 Rab8 16. Re1 Nd7 17. exd5 cxd5 18. d4 cxd4 1/2-1/2

[Event "Polanica Zdroj op-A 46th"]
[Site "Polanica Zdroj"]
[Date "2010.08.23"]
[Round "5"]
[White "Rychlik, Piotr"]
[Black "Dzieczkaniec, Piotr"]
[Result "1/2-1/2"]
[WhiteElo "2114"]
[BlackElo "1994"]
[PlyCount "37"]
[EventDate "2010.08.19"]
[EventType "swiss"]
[EventRounds "10"]
[EventCountry "POL"]
[SourceTitle "CBM 138 Extra"]
[Source "ChessBase"]
[SourceDate "2010.10.29"]
[SourceVersion "1"]
[SourceVersionDate "2010.10.29"]
[SourceQuality "1"]

1. d4 e6 2. g3 Nf6 3. Bg2 c5 4. Nf3 Qa5+ 5. c3 cxd4 6. Nxd4 Nc6 7. 0-0 Be7 8. Nd2 Nxd4 9. cxd4 d5 10. Nb3 Qb6 11. Bf4 0-0 12. Rc1 Bd7 13. Qd3 Rac8 14. Rxc8 Rxc8 15. Rc1 Rxc1+ 16. Bxc1 a5 17. Qc2 Bd6 18. Bf4 a4 19. Nc5 1/2-1/2

[Event "Polanica Zdroj op-A 46th"]
[Site "Polanica Zdroj"]
[Date "2010.08.19"]
[Round "1"]
[White "Rychlik, Piotr"]
[Black "Malaniuk, Vladimir P"]
[Result "1/2-1/2"]
[WhiteElo "2114"]
[BlackElo "2543"]
[PlyCount "28"]
[EventDate "2010.08.19"]
[EventType "swiss"]
[EventRounds "10"]
[EventCountry "POL"]
[SourceTitle "CBM 138 Extra"]
[Source "ChessBase"]
[SourceDate "2010.10.29"]
[SourceVersion "1"]
[SourceVersionDate "2010.10.29"]
[SourceQuality "1"]

1. d4 f5 2. c3 e6 3. Nf3 Nf6 4. Bg5 h6 5. Bxf6 Qxf6 6. Nbd2 g5 7. e4 g4 8. e5 Qg7 9. Ng1 d6 10. f4 b6 11. Qb3 d5 12. h4 Bb7 13. g3 Qd7 14. a4 Nc6 1/2-1/2

[Event "POL-chT 2nd League"]
[Site "Ustron"]
[Date "2008.09.14"]
[Round "8.68"]
[White "Kos, Pawel"]
[Black "Rychlik, Piotr"]
[Result "1/2-1/2"]
[WhiteElo "2275"]
[BlackElo "2074"]
[PlyCount "138"]
[EventDate "2008.09.06"]
[EventType "team-swiss"]
[EventRounds "9"]
[EventCountry "POL"]
[SourceTitle "EXT 2015"]
[Source "ChessBase"]
[SourceDate "2014.11.20"]
[SourceVersion "1"]
[SourceVersionDate "2014.11.20"]
[SourceQuality "1"]
[WhiteTeam "Pultusk Nadnarwianka"]
[BlackTeam "Walbrzych KSz Hetman"]
[WhiteTeamCountry "POL"]
[BlackTeamCountry "POL"]

1. e4 c5 2. c3 d6 3. d4 Nf6 4. Bd3 Nc6 5. Ne2 e5 6. d5 Ne7 7. Bb5+ Bd7 8. Bxd7+ Nxd7 9. Be3 g6 10. f3 Bg7 11. 0-0 0-0 12. Nd2 f5 13. b4 cxb4 14. cxb4 Nf6 15. Nc3 Qd7 16. Rc1 fxe4 17. Ndxe4 Nf5 18. Nxf6+ Bxf6 19. Qd3 Bd8 20. Bf2 Bb6 21. Ne4 h6 22. Bxb6 axb6 23. Rc2 Kg7 24. Rcf2 Nd4 25. Qd2 Rac8 26. Qe3 b5 27. f4 Nf5 28. Qd3 Nd4 29. h3 b6 30. a3 Ra8 31. Qe3 Rac8 32. Qd3 Rcd8 33. Nd2 Qf5 34. Ne4 Qd7 35. Rd2 Qf7 36. Nc3 Qf5 37. Qe3 g5 38. Ne2 Nxe2+ 39. Rxe2 gxf4 40. Qxb6 Qd3 41. Ree1 Qxd5 42. Rd1 Qe6 43. Qxb5 d5 44. Rc1 e4 45. Rc6 Rd6 46. Rxd6 Qxd6 47. Rd1 Rd8 48. Rc1 Rb8 49. Qe2 Kh8 50. Rc5 f3 51. Qe3 Rd8 52. Qd4+ Kh7 53. Rb5 Rd7 54. Rc5 Qg3 55. Rc2 Qg6 56. Rf2 Qg5 57. b5 Rg7 58. Qb2 Qe3 59. Kh2 fxg2 60. Rxg2 Qf4+ 61. Kg1 Qe3+ 62. Kh2 Qf4+ 63. Kg1 Rxg2+ 64. Kxg2 Qf3+ 65. Kh2 Qf4+ 66. Kg2 Qf3+ 67. Kh2 e3 68. Qc2+ Kh8 69. Qb2+ Kh7 1/2-1/2

[Event "POL-chT 2nd League"]
[Site "Ustron"]
[Date "2008.09.14"]
[Round "9.86"]
[White "Rychlik, Piotr"]
[Black "Obiedzinski, Pawel"]
[Result "1/2-1/2"]
[WhiteElo "2074"]
[BlackElo "2008"]
[PlyCount "37"]
[EventDate "2008.09.06"]
[EventType "team-swiss"]
[EventRounds "9"]
[EventCountry "POL"]
[SourceTitle "EXT 2015"]
[Source "ChessBase"]
[SourceDate "2014.11.20"]
[SourceVersion "1"]
[SourceVersionDate "2014.11.20"]
[SourceQuality "1"]
[WhiteTeam "Walbrzych KSz Hetman"]
[BlackTeam "Lomza Devo Maraton"]
[WhiteTeamCountry "POL"]
[BlackTeamCountry "POL"]

1. d4 d5 2. Nf3 e6 3. g3 Bd6 4. Bg2 f5 5. c4 c6 6. Nc3 Nf6 7. 0-0 0-0 8. Qc2 Ne4 9. Ne5 Nd7 10. Nxd7 Bxd7 11. e3 Be8 12. f3 Nxc3 13. Qxc3 Bg6 14. Bd2 b5 15. c5 Bc7 16. Rad1 h5 17. f4 a5 18. Qd3 Kf7 19. h4 1/2-1/2

[Event "POL-chT 2nd League"]
[Site "Ustron"]
[Date "2008.09.07"]
[Round "2.27"]
[White "Rychlik, Piotr"]
[Black "Najbar, Marcin"]
[Result "1-0"]
[WhiteElo "2074"]
[BlackElo "2230"]
[PlyCount "43"]
[EventDate "2008.09.06"]
[EventType "team-swiss"]
[EventRounds "9"]
[EventCountry "POL"]
[SourceTitle "EXT 2015"]
[Source "ChessBase"]
[SourceDate "2014.11.20"]
[SourceVersion "1"]
[SourceVersionDate "2014.11.20"]
[SourceQuality "1"]
[WhiteTeam "Walbrzych KSz Hetman"]
[BlackTeam "Chroscice LZS Victoria"]
[WhiteTeamCountry "POL"]
[BlackTeamCountry "POL"]

1. Nf3 c5 2. g3 Nc6 3. Bg2 g6 4. e4 Bg7 5. 0-0 e6 6. c3 d5 7. d3 Nge7 8. Qe2 b6 9. Re1 Bb7 10. Nbd2 Qd7 11. e5 h6 12. Nf1 0-0-0 13. d4 cxd4 14. cxd4 Kb8 15. Bd2 Rc8 16. Ne3 Ka8 17. b4 Nf5 18. Nxf5 gxf5 19. Rec1 Qe7 20. a3 Nb8 21. Qd3 Qd7 22. b5 1-0

[Event "POL-chT 2nd League"]
[Site "Ustron"]
[Date "2008.09.06"]
[Round "1.75"]
[White "Klekowski, Maciej"]
[Black "Rychlik, Piotr"]
[Result "0-1"]
[WhiteElo "2197"]
[BlackElo "2074"]
[PlyCount "100"]
[EventDate "2008.09.06"]
[EventType "team-swiss"]
[EventRounds "9"]
[EventCountry "POL"]
[SourceTitle "EXT 2015"]
[Source "ChessBase"]
[SourceDate "2014.11.20"]
[SourceVersion "1"]
[SourceVersionDate "2014.11.20"]
[SourceQuality "1"]
[WhiteTeam "Czestochowa UKS Hetman"]
[BlackTeam "Walbrzych KSz Hetman"]
[WhiteTeamCountry "POL"]
[BlackTeamCountry "POL"]

1. c4 Nf6 2. Nc3 e6 3. e4 d5 4. e5 d4 5. Nb1 Nfd7 6. f4 Nc6 7. Nf3 d3 8. a3 a5 9. Nc3 Nc5 10. Na4 Nd4 11. Nxd4 Qxd4 12. Nxc5 Bxc5 13. Qf3 Bd7 14. Bxd3 Bc6 15. Qe3 0-0-0 16. Be2 Bxg2 17. Rg1 Be4 18. Qxd4 Bxd4 19. Rg3 g6 20. d3 Bf5 21. Rb1 h5 22. h3 f6 23. exf6 Bxf6 24. Rf3 Rhe8 25. Kf1 Rd7 26. Ke1 a4 27. b3 Red8 28. Kd2 axb3 29. Rxb3 g5 30. fxg5 Bxg5+ 31. Kc2 Bxc1 32. Kxc1 Rg7 33. Kd2 c6 34. Rf4 Rg3 35. Rh4 Bxh3 36. Rxh5 Bf5 37. Rh4 Kc7 38. c5 Rd5 39. Rhb4 Rxc5 40. Rxb7+ Kd6 41. d4 Rc2+ 42. Ke1 Rg1+ 43. Kf2 Rh1 44. Re3 Bg4 45. d5 exd5 46. Rbb3 Bxe2 47. Rb8 Bd1+ 48. Kg3 Rg1+ 49. Kh3 Bg4+ 50. Kh4 Bd7 0-1

[Event "POL-chT 2nd League"]
[Site "Wysowa"]
[Date "2007.09.10"]
[Round "8"]
[White "Rychlik, Piotr"]
[Black "Walaszczyk, Witold"]
[Result "1-0"]
[WhiteElo "2109"]
[BlackElo "2255"]
[PlyCount "91"]
[EventDate "2007.09.03"]
[EventType "team-swiss"]
[EventRounds "9"]
[EventCountry "POL"]
[SourceTitle "EXT 2010"]
[Source "ChessBase"]
[SourceDate "2010.11.25"]
[SourceVersion "1"]
[SourceVersionDate "2010.11.25"]
[SourceQuality "1"]
[WhiteTeam "Walbrzych KSz Hetman"]
[BlackTeam "Konin Hetman"]
[WhiteTeamCountry "POL"]
[BlackTeamCountry "POL"]

1. Nf3 d5 2. g3 Nf6 3. Bg2 g6 4. 0-0 Bg7 5. d4 0-0 6. c4 dxc4 7. Nc3 c6 8. a4 a5 9. e4 Na6 10. Ne5 Be6 11. Be3 Nd7 12. Nf3 f6 13. Qe2 Nb4 14. Rfd1 Qc8 15. Nd2 Nc2 16. Rac1 Nxe3 17. Qxe3 Bf7 18. Bf1 e5 19. d5 cxd5 20. Nxd5 Qc5 21. Nxc4 Rad8 22. Qb3 Qa7 23. Nd6 Bh6 24. Nxf7 Rxf7 25. Rc7 Kg7 26. Nb6 Qxb6 27. Qxb6 Nxb6 28. Rxf7+ Kxf7 29. Rxd8 Nxa4 30. Rd7+ Ke6 31. Rxb7 Bf8 32. Bc4+ Kd6 33. b3 Nc5 34. Rxh7 Nxe4 35. Ra7 Kc6 36. Rxa5 Bc5 37. Ra2 f5 38. Kg2 Nd6 39. h4 e4 40. Ra8 f4 41. Rg8 f3+ 42. Kf1 e3 43. fxe3 Bxe3 44. Rxg6 Kc5 45. Rf6 f2 46. Rxf2 1-0

[Event "POL-chT 2nd League"]
[Site "Wysowa"]
[Date "2007.09.08"]
[Round "6"]
[White "Zgadzaj, Rafal"]
[Black "Rychlik, Piotr"]
[Result "1/2-1/2"]
[WhiteElo "2212"]
[BlackElo "2109"]
[PlyCount "104"]
[EventDate "2007.09.03"]
[EventType "team-swiss"]
[EventRounds "9"]
[EventCountry "POL"]
[SourceTitle "EXT 2010"]
[Source "ChessBase"]
[SourceDate "2010.11.25"]
[SourceVersion "1"]
[SourceVersionDate "2010.11.25"]
[SourceQuality "1"]
[WhiteTeam "Chroscice LZS Victoria"]
[BlackTeam "Walbrzych KSz Hetman"]
[WhiteTeamCountry "POL"]
[BlackTeamCountry "POL"]

1. Nf3 Nf6 2. g3 d5 3. Bg2 g6 4. 0-0 Bg7 5. d4 0-0 6. c4 c6 7. b3 Nbd7 8. Nc3 Nb6 9. c5 Nbd7 10. Bb2 e5 11. dxe5 Ng4 12. e4 dxe4 13. Nxe4 Ndxe5 14. Nd4 Nf6 15. Nd6 Nd5 16. Qd2 a5 17. a3 Rb8 18. Rfe1 Nd7 19. b4 N7f6 20. b5 Bd7 21. b6 a4 22. Qc2 Ne8 23. Ne4 Ra8 24. Rad1 Qc8 25. Nc3 Nxc3 26. Bxc3 Nf6 27. Nf3 Nd5 28. Bxg7 Kxg7 29. Ng5 Kg8 30. Rd4 h6 31. Ne4 Bf5 32. Rxa4 Rxa4 33. Qxa4 Bxe4 34. Qxe4 Nf6 35. Qf4 Kg7 36. Re7 Qa8 37. a4 Re8 38. Qc7 Rxe7 39. Qxe7 Qxa4 40. Qxb7 Qd1+ 41. Bf1 Ne4 42. Qc7 Qd4 43. Qf4 g5 44. Qe3 Qxe3 45. fxe3 Nxc5 46. Bg2 Nd7 47. b7 Nb8 48. Kf2 f5 49. Ke2 Kf6 50. Kd3 Ke5 51. Kc4 Kd6 52. Kd4 h5 1/2-1/2

[Event "POL-chT 2nd League"]
[Site "Wysowa"]
[Date "2007.09.06"]
[Round "4"]
[White "Sygulski, Boguslaw"]
[Black "Rychlik, Piotr"]
[Result "1/2-1/2"]
[WhiteElo "2248"]
[BlackElo "2109"]
[PlyCount "21"]
[EventDate "2007.09.03"]
[EventType "team-swiss"]
[EventRounds "9"]
[EventCountry "POL"]
[SourceTitle "EXT 2010"]
[Source "ChessBase"]
[SourceDate "2010.11.25"]
[SourceVersion "1"]
[SourceVersionDate "2010.11.25"]
[SourceQuality "1"]
[WhiteTeam "Pilzno GKSz Hetman"]
[BlackTeam "Walbrzych KSz Hetman"]
[WhiteTeamCountry "POL"]
[BlackTeamCountry "POL"]

1. e4 c5 2. Nf3 a6 3. c3 d5 4. exd5 Qxd5 5. d4 Nc6 6. dxc5 Qxd1+ 7. Kxd1 Bf5 8. Be3 Rd8+ 9. Nbd2 Nf6 10. Ke1 Ng4 11. Rc1 1/2-1/2

[Event "POL-chT 2nd League"]
[Site "Wysowa"]
[Date "2007.09.03"]
[Round "1"]
[White "Betkowski, Andrzej"]
[Black "Rychlik, Piotr"]
[Result "1-0"]
[WhiteElo "2224"]
[BlackElo "2109"]
[PlyCount "61"]
[EventDate "2007.09.03"]
[EventType "team-swiss"]
[EventRounds "9"]
[EventCountry "POL"]
[SourceTitle "EXT 2010"]
[Source "ChessBase"]
[SourceDate "2010.11.25"]
[SourceVersion "1"]
[SourceVersionDate "2010.11.25"]
[SourceQuality "1"]
[WhiteTeam "Krakow TKKF Drogowiec"]
[BlackTeam "Walbrzych KSz Hetman"]
[WhiteTeamCountry "POL"]
[BlackTeamCountry "POL"]

1. d4 Nf6 2. Bg5 c5 3. d5 Ne4 4. Bf4 Qb6 5. Bc1 g6 6. f3 Nd6 7. e4 Bg7 8. c3 0-0 9. Na3 f5 10. exf5 Nxf5 11. Nh3 d6 12. Ng5 h6 13. Ne4 Nd7 14. Be2 a6 15. Nc4 Qd8 16. a4 b6 17. 0-0 Rb8 18. g4 Nh4 19. Qe1 g5 20. Bxg5 hxg5 21. Nxg5 Ng6 22. Bd3 Nde5 23. Nxe5 Nxe5 24. Bh7+ Kh8 25. Bf5 Rf6 26. f4 Bxf5 27. fxe5 dxe5 28. Rxf5 Rxf5 29. Qh4+ Kg8 30. Qh7+ Kf8 31. Ne6+ 1-0

[Event "Lubawka op"]
[Site "Lubawka"]
[Date "2006.07.08"]
[Round "1"]
[White "Rychlik, Piotr"]
[Black "Litwin, Barbara"]
[Result "1-0"]
[WhiteElo "2103"]
[BlackElo "1905"]
[PlyCount "83"]
[EventDate "2006.07.08"]
[EventType "swiss"]
[EventRounds "9"]
[EventCountry "POL"]
[SourceTitle "EXT 2008"]
[Source "ChessBase"]
[SourceDate "2007.11.25"]
[SourceVersion "1"]
[SourceVersionDate "2007.11.25"]
[SourceQuality "1"]

1. Nf3 d5 2. g3 Nf6 3. c4 c6 4. Bg2 e6 5. 0-0 Bd6 6. b3 0-0 7. Bb2 Nbd7 8. d3 Re8 9. Nbd2 a5 10. a3 e5 11. e4 d4 12. Ne1 Nf8 13. Nc2 Qe7 14. Nf3 Rb8 15. Qd2 b5 16. Rfb1 bxc4 17. bxc4 a4 18. Bc1 Bg4 19. h3 Bxf3 20. Bxf3 Ne6 21. Nb4 Qd7 22. Bd1 Nc5 23. Kg2 Nb3 24. Bxb3 axb3 25. Qd1 c5 26. Nd5 Nxd5 27. cxd5 Qa4 28. Bb2 Rec8 29. Rc1 c4 30. dxc4 Rxc4 31. Rxc4 Qxc4 32. Rc1 Qa4 33. Rc6 Bf8 34. Qd3 h6 35. h4 Bxa3 36. Ra6 Qxa6 37. Qxa6 Bxb2 38. d6 Ba3 39. d7 Bf8 40. Qc8 Rxc8 41. dxc8Q b2 42. Qb8 1-0

[Event "Polanica Zdroj op-B 41st"]
[Site "Polanica Zdroj"]
[Date "2005.08.25"]
[Round "7"]
[White "Rychlik, Piotr"]
[Black "Bebel, Arkadiusz"]
[Result "1/2-1/2"]
[WhiteElo "2105"]
[BlackElo "1990"]
[PlyCount "79"]
[EventDate "2005.08.19"]
[EventType "swiss"]
[EventRounds "10"]
[EventCountry "POL"]
[SourceTitle "CBM 108 Extra"]
[Source "ChessBase"]
[SourceDate "2005.11.04"]
[SourceVersion "1"]
[SourceVersionDate "2005.11.04"]
[SourceQuality "1"]

1. Nf3 Nf6 2. g3 g6 3. Bg2 Bg7 4. d4 d6 5. c4 Nbd7 6. 0-0 0-0 7. Nc3 e5 8. dxe5 dxe5 9. h3 c6 10. Be3 Qc7 11. Qc1 Nb6 12. b3 Rd8 13. Bh6 Bh8 14. Bg5 a5 15. Qe3 Re8 16. Rfd1 Be6 17. Rac1 Nfd7 18. Ne4 Nc8 19. Bh6 f6 20. Qd2 Ne7 21. g4 Nc8 22. Be3 f5 23. Neg5 Nf8 24. Nxe6 Nxe6 25. gxf5 gxf5 26. Qd7 Qxd7 27. Rxd7 e4 28. Ng5 Nxg5 29. Bxg5 b6 30. Rcd1 a4 31. bxa4 Be5 32. f4 Bc3 33. h4 Bb4 34. Bh3 Ne7 35. Bxe7 Bxe7 36. Bxf5 Rxa4 37. R1d2 Kf8 38. Bxh7 Bxh4 39. R2d6 Re7 40. Rxe7 1/2-1/2

[Event "Polanica Zdroj op-B 41st"]
[Site "Polanica Zdroj"]
[Date "2005.08.22"]
[Round "4"]
[White "Sabuk, Piotr"]
[Black "Rychlik, Piotr"]
[Result "1-0"]
[WhiteElo "1985"]
[BlackElo "2105"]
[PlyCount "75"]
[EventDate "2005.08.19"]
[EventType "swiss"]
[EventRounds "10"]
[EventCountry "POL"]
[SourceTitle "CBM 108 Extra"]
[Source "ChessBase"]
[SourceDate "2005.11.04"]
[SourceVersion "1"]
[SourceVersionDate "2005.11.04"]
[SourceQuality "1"]

1. e4 c5 2. Nf3 a6 3. c4 d6 4. d4 cxd4 5. Nxd4 Nf6 6. Nc3 e5 7. Nc2 h6 8. Be2 Be7 9. 0-0 0-0 10. Be3 Be6 11. Nb4 Nbd7 12. Nbd5 Bxd5 13. exd5 Nh7 14. Rb1 f5 15. f4 exf4 16. Bxf4 Qb6+ 17. Kh1 g5 18. Bg3 Ne5 19. Bd3 f4 20. Bf2 Qc7 21. Rc1 Nxd3 22. Qxd3 Bf6 23. b4 Qf7 24. Ne4 Rad8 25. Rfd1 Be5 26. c5 Nf6 27. Nxf6+ Qxf6 28. c6 bxc6 29. dxc6 Ra8 30. a4 g4 31. b5 axb5 32. axb5 Ra2 33. Qc4+ Qf7 34. Qxf7+ Kxf7 35. Kg1 g3 36. hxg3 fxg3 37. Be3 Re2 38. Rf1+ 1-0

[Event "Polanica Zdroj op-B 41st"]
[Site "Polanica Zdroj"]
[Date "2005.08.21"]
[Round "3"]
[White "Rychlik, Piotr"]
[Black "Stepien, Marcin"]
[Result "1/2-1/2"]
[WhiteElo "2105"]
[BlackElo "1996"]
[PlyCount "39"]
[EventDate "2005.08.19"]
[EventType "swiss"]
[EventRounds "10"]
[EventCountry "POL"]
[SourceTitle "CBM 108 Extra"]
[Source "ChessBase"]
[SourceDate "2005.11.04"]
[SourceVersion "1"]
[SourceVersionDate "2005.11.04"]
[SourceQuality "1"]

1. Nf3 Nf6 2. g3 g6 3. d4 d5 4. Bg2 Bg7 5. 0-0 0-0 6. c4 c6 7. Nc3 Bf5 8. Qb3 Qb6 9. Qxb6 axb6 10. cxd5 cxd5 11. Ne5 Nc6 12. Nxc6 bxc6 13. h3 h5 14. Bg5 Rfe8 15. Rac1 Rac8 16. Na4 Nd7 17. Rfd1 e5 18. Be3 b5 19. Nc3 Nb6 20. b3 1/2-1/2

[Event "POL-ch U18"]
[Site "Bartkowa"]
[Date "2002.??.??"]
[Round "?"]
[White "Skalski, Michal"]
[Black "Rychlik, Piotr"]
[Result "1-0"]
[WhiteElo "2137"]
[BlackElo "2079"]
[PlyCount "101"]
[EventDate "2002.01.??"]
[EventType "swiss"]
[EventRounds "10"]
[EventCountry "POL"]
[SourceTitle "EXT 2005"]
[Source "ChessBase"]
[SourceDate "2004.11.15"]
[SourceVersion "1"]
[SourceVersionDate "2004.11.15"]
[SourceQuality "1"]

1. d4 Nf6 2. c4 e6 3. Nc3 Bb4 4. Qc2 d5 5. a3 Bxc3+ 6. bxc3 0-0 7. Nf3 c5 8. e3 Nc6 9. Bd3 Qc7 10. 0-0 b6 11. cxd5 exd5 12. dxc5 bxc5 13. c4 dxc4 14. Qxc4 Ne5 15. Nxe5 Qxe5 16. Rb1 Be6 17. Qa6 Rfd8 18. Bb2 Qd6 19. Rfd1 Qxa6 20. Bxa6 Rab8 21. Rxd8+ Rxd8 22. Be5 c4 23. f3 h6 24. Bd4 Rd6 25. Bb5 a6 26. Ba4 Bf5 27. Rb8+ Kh7 28. Rb7 Nd7 29. Rc7 Be6 30. Rc8 f5 31. Bc2 Nf6 32. Rc7 Kg8 33. g3 Ne8 34. Rb7 h5 35. Kf2 h4 36. Ba4 hxg3+ 37. hxg3 Nf6 38. Rc7 Nd7 39. Bd1 Nf6 40. Be2 Ne8 41. Rc5 Kf7 42. Bxc4 Bxc4 43. Rxc4 g5 44. Ke2 Ke6 45. Rc5 Rd5 46. Rc6+ Rd6 47. Rc8 Kd7 48. Rc5 f4 49. Rxg5 fxg3 50. Rxg3 Nc7 51. Be5 1-0

[Event "POL-ch U16"]
[Site "Wisla"]
[Date "2000.??.??"]
[Round "7"]
[White "Rychlik, Piotr"]
[Black "Dudzinski, Piotr"]
[Result "1/2-1/2"]
[WhiteElo "1800"]
[BlackElo "2000"]
[PlyCount "57"]
[EventDate "2000.02.26"]
[EventType "swiss"]
[EventRounds "10"]
[EventCountry "POL"]
[SourceTitle "EXT 2005"]
[Source "ChessBase"]
[SourceDate "2004.11.15"]
[SourceVersion "1"]
[SourceVersionDate "2004.11.15"]
[SourceQuality "1"]

1. Nf3 d5 2. g3 Nf6 3. Bg2 Bf5 4. 0-0 e6 5. d4 Bd6 6. b3 0-0 7. Bb2 a6 8. Nbd2 Nbd7 9. Ne5 c5 10. Nxd7 Qxd7 11. dxc5 Bxc5 12. Bxf6 gxf6 13. e4 Bg6 14. exd5 exd5 15. Ne4 Be7 16. Nc3 d4 17. Nd5 Kg7 18. Qxd4 Bxc2 19. Rfe1 Bd8 20. Re2 Rc8 21. Qa7 Qb5 22. Rd2 Ba5 23. Rd4 Rfd8 24. Rg4+ Bg6 25. b4 Bc7 26. Nxc7 Rxc7 27. Re1 Re8 28. Rd1 Rd8 29. Rgd4 1/2-1/2

[Event "POL-chT2 South U19"]
[Site "Rudnik"]
[Date "2000.??.??"]
[Round "7.2"]
[White "Rychlik, Piotr"]
[Black "Kubit, Bartlomiej"]
[Result "0-1"]
[WhiteElo "1800"]
[BlackElo "2013"]
[PlyCount "74"]
[EventDate "2000.07.20"]
[EventType "team-swiss"]
[EventRounds "10"]
[EventCountry "POL"]
[SourceTitle "EXT 2005"]
[Source "ChessBase"]
[SourceDate "2004.11.15"]
[SourceVersion "1"]
[SourceVersionDate "2004.11.15"]
[SourceQuality "1"]
[WhiteTeam "Klodzko Sudety U19"]
[BlackTeam "Gliwice Carbo U19"]
[WhiteTeamCountry "POL"]
[BlackTeamCountry "POL"]

1. d4 Nf6 2. g3 d5 3. Bg2 c6 4. Nf3 Bg4 5. c4 dxc4 6. Ne5 Be6 7. Na3 Bd5 8. f3 b5 9. e4 Be6 10. 0-0 a6 11. f4 g6 12. Be3 Bg7 13. Nxc6 Nxc6 14. d5 Bg4 15. Qd2 Na5 16. e5 Nd7 17. e6 Nf6 18. d6 Rc8 19. d7+ Nxd7 20. exd7+ Bxd7 21. Rad1 Bg4 22. Qxd8+ Rxd8 23. Rxd8+ Kxd8 24. Bb6+ Kc8 25. Nxb5 axb5 26. Bxa5 Bxb2 27. Rb1 c3 28. Be4 Bf5 29. Bxf5+ gxf5 30. Bxc3 Bxc3 31. Rc1 b4 32. a3 Kd7 33. axb4 Bxb4 34. Rc4 Bd6 35. Kg2 Rc8 36. Ra4 Rc2+ 37. Kh3 e6 0-1

[Event "POL-chT2 South U19"]
[Site "Rudnik"]
[Date "2000.??.??"]
[Round "1.2"]
[White "Rychlik, Piotr"]
[Black "Turecki, Krzysztof"]
[Result "0-1"]
[WhiteElo "1800"]
[BlackElo "2000"]
[PlyCount "73"]
[EventDate "2000.07.20"]
[EventType "team-swiss"]
[EventRounds "10"]
[EventCountry "POL"]
[SourceTitle "EXT 2005"]
[Source "ChessBase"]
[SourceDate "2004.11.15"]
[SourceVersion "1"]
[SourceVersionDate "2004.11.15"]
[SourceQuality "1"]
[WhiteTeam "Klodzko Sudety U19"]
[BlackTeam "POL-chT2 South U19 5"]
[WhiteTeamCountry "POL"]
[BlackTeamCountry "POL"]

1. Nf3 Nc6 2. d4 d5 3. g3 Bg4 4. Bg2 Nf6 5. h3 Bf5 6. 0-0 Qd7 7. Kh2 h5 8. Bf4 Ne4 9. Nbd2 f6 10. Be3 g5 11. Nxe4 Bxe4 12. Ne1 Bxg2 13. Nxg2 e6 14. Qd3 0-0-0 15. c3 Bd6 16. h4 gxh4 17. Nxh4 Rdg8 18. f4 Rg4 19. Bf2 Rhg8 20. a4 Qg7 21. Rg1 Nb8 22. a5 Nd7 23. b3 f5 24. c4 Nf6 25. Qf3 Ne4 26. Kh3 Qd7 27. c5 Be7 28. a6 b5 29. cxb6 axb6 30. a7 Kb7 31. a8Q+ Rxa8 32. Rxa8 Kxa8 33. Ra1+ Kb7 34. Be1 Qb5 35. b4 Bxb4 36. Qb3 c5 37. Qa2 0-1

[Event "POL-chT2 South U19"]
[Site "Rudnik"]
[Date "2000.??.??"]
[Round "5.2"]
[White "Tworuszka, Sebastian"]
[Black "Rychlik, Piotr"]
[Result "1-0"]
[WhiteElo "2004"]
[BlackElo "1800"]
[PlyCount "91"]
[EventDate "2000.07.20"]
[EventType "team-swiss"]
[EventRounds "10"]
[EventCountry "POL"]
[SourceTitle "EXT 2005"]
[Source "ChessBase"]
[SourceDate "2004.11.15"]
[SourceVersion "1"]
[SourceVersionDate "2004.11.15"]
[SourceQuality "1"]
[WhiteTeam "Zabrze Budosak U19"]
[BlackTeam "Klodzko Sudety U19"]
[WhiteTeamCountry "POL"]
[BlackTeamCountry "POL"]

1. d4 Nf6 2. Nf3 e6 3. c4 Bb4+ 4. Bd2 Qe7 5. Nc3 Bxc3 6. Bxc3 Ne4 7. Qc2 Nxc3 8. Qxc3 f5 9. e3 a5 10. Be2 d6 11. c5 0-0 12. 0-0 Nc6 13. Rfd1 Nb4 14. Bc4 d5 15. Bd3 g5 16. Ne5 Nc6 17. Nxc6 bxc6 18. a4 Bd7 19. b4 axb4 20. Qxb4 Rfb8 21. Qa3 e5 22. Rdb1 e4 23. Rxb8+ Rxb8 24. Bf1 Ra8 25. a5 Bc8 26. Qb4 Qe8 27. a6 Bd7 28. a7 Kf7 29. Qa5 Qd8 30. Rb1 Ke7 31. Rb7 h6 32. h3 h5 33. Qxc7 Qxc7 34. Rxc7 Kd8 35. Rb7 Ke7 36. Be2 g4 37. Kh2 Ke6 38. Kg3 Ke7 39. Kh4 Ke6 40. Kxh5 gxh3 41. gxh3 Bc8 42. Rb8 Rxa7 43. Rxc8 Ra2 44. Rxc6+ Ke7 45. Bb5 Rxf2 46. Kg6 1-0